000 00731nam a22002177a 4500
003 NUST-PNEC
005 20170116180733.0
008 140712b xxu||||| |||| 00| 0 eng d
020 _a9788131726266
040 _cPNEC
082 _a005.74 HOF
100 _969
_aHoffer, Jeffrey A.
245 _aModern database management
_cJeffrey A. Hoffer
250 _a9th ed.
260 _aNew Delhi
_bDoorling Kindersley (India)Pvt.Ltd
_cc.2010
300 _axxvi, 671p. :
_bill. :
_c28 cm.
500 _aIncludes Index
650 _xComputer, MIS
856 _uhttp://www.amazon.com/Database-Management-Systems-Prescott-Jeffrey/dp/B006VB1YCU/ref=sr_1_2?s=books&ie=UTF8&qid=1416462068&sr=1-2&keywords=9788131726266
942 _2ddc
_cBK
999 _c61866
_d61866